WWE Hall of Fame Inductees - Statistics

General Stats
  • This quiz has been taken 1,702 times
    1,588 since last reset
  • The average score is 25 of 103
Answer Stats
Hint Answer % Correct
2005 Hulk Hogan
83%
1993 Andre the Giant
74%
2008 'Nature Boy' Ric Flair
71%
2006 Bret ' The Hitman' Hart
66%
2009 'Stone Cold' Steve Austin
66%
2011 'The Heartbreak Kid' Shawn Michaels
65%
2014 The Ultimate Warrior
60%
2012 Edge
59%
2014 Lita
46%
2005 Jimmy Hart
45%
2005 'Rowdy' Roddy Piper
44%
2010 Stu Hart
44%
2013 Trish Stratus
43%
2006 Eddie Guerrero
41%
2007 Jerry "The King" Lawler
40%
2013 Mick Foley
40%
1996 Jimmy 'Superfly' Snuka
39%
2012 Yokozuna
39%
2013 Bruno Sammartino
38%
2014 Jake 'The Snake' Roberts
38%
2007 'The American Dream' Dusty Rhodes
38%
2013 Booker T
34%
2014 Razor Ramon
34%
2005 The Iron Sheik
34%
2010 'The Million Dollar Man' Ted DiBiase
34%
2007 Jim Ross
33%
2013 Bob Backlund
32%
2004 Bobby 'The Brain' Heenan
32%
2005 'Cowboy' Bob Orton
32%
2004 Sgt. Slaughter
32%
2009 Ricky 'The Dragon' Steamboat
31%
1996 Vincent J McMahon
31%
2008 'Soulman' Rocky Johnson
30%
2011 'Hacksaw' Jim Duggan
29%
2014 Mr T
29%
2008 Mae Young
28%
2014 Paul Bearer
27%
2004 Junkyard Dog
25%
2013 Donald Trump
24%
2009 Koko B. Ware
24%
2004 Big John Studd
23%
2004 Greg 'The Hammer' Valentine
22%
2006 'Mean' Gene Okerlund
22%
2007 Mr. Fuji
22%
2004 'Superstar' Billy Graham
22%
2004 Tito Santana
21%
1995 Pedro Morales
20%
2012 Ron Simmons
20%
2012 Mike Tyson
19%
2005 Nikolai Volkoff
19%
1996 Pat Patterson
19%
2011 The Road Warriors/Legion of Doom
19%
2004 Harley Race
18%
2004 Jesse 'The Body' Ventura
18%
2006 'Mr USA' Tony Atlas
18%
1995 George 'The Animal' Steele
17%
1994 Gorrilla Monsoon
17%
2011 Sunny
17%
2004 Don Muraco
16%
2011 Drew Carey
16%
2008 Eddie Graham
16%
2010 Gorgeous George
16%
2008 'High Chief' Peter Maivia
16%
2004 Pete Rose
16%
1994 Bobo Brazil
15%
1996 'Captain' Lou Albano
15%
1994 'Classy' Freddie Blassie
15%
2006 'Sensational' Sherri
15%
2014 Carlos Colon
14%
2009 Howard Finkel
14%
1994 James Dudley
14%
1995 The Fabulous Moolah
14%
2012 The Four Horsemen
14%
2011 Abdullah the Butcher
13%
1995 'Big Cat' Ernie Ladd
13%
2007 The Wild Samoans
13%
1994 Arnold Skaaland
12%
1994 'Nature Boy' Buddy Rodgers
12%
2009 The Von Erichs
12%
2010 Wendi Richter
12%
2010 Antonio Inoki
11%
1994 Chief Jay Strongbow
11%
1996 Killer Kowalski
11%
2012 Mil Mascaras
11%
2006 The Blackjacks
11%
2007 The Sheik
11%
2006 Verne Gagne
11%
2009 The Funks
10%
1995 Ivan Putski
9%
2006 William 'The Refrigerator' Perry
9%
1995 Antonino Rocca
8%
2009 'Cowboy' Bill Watts
8%
2008 Gordon Solie
8%
2010 Maurice 'Mad Dog' Vachon
8%
2007 Nick Bockwinkel
8%
2010 Bob Uecker
7%
2011 'Bullet' Bob Armstrong
7%
1996 Johnny Rodz
7%
2008 The Brisco Brothers
7%
2007 'Mr Perfect' Curt Hennig
6%
1996 'Baron' Mikel Scicluna
5%
2005 'Mr Wonderful' Paul Orndoff
5%
1996 The Valiant Brothers
4%
No matching quizzes found
Score Distribution
Percent of People with Each Score
Percentile by Number Answered
Your Score History
You have not taken this quiz since the last reset